000 00847cam a2200265 a 4500
999 _c14
_d14
001 2823876
003 GBCCL
005 20241126110327.0
008 830824s1982 tnu 000 0ceng
010 _a 83017457
020 _a0840758537 (pbk.) :
_c$4.95
040 _aDLC
_cDLC
_dDLC
050 0 0 _aBS580.I67
_bW34 1983
082 0 0 _a222.11092
_219
_bWAL
100 1 _aWallace, Ronald S.
_91805
245 1 0 _aIsaac and Jacob :
_bGenesis 24-36 /
_cRonald S. Wallace.
260 _aNashville :
_bT. Nelson Publishers,
_c1982.
300 _axiv, 144 p. ;
_c21 cm.
600 0 0 _aIsaac
_c(Biblical patriarch)
_98085
600 0 0 _aJacob
_c(Biblical patriarch)
_9633
630 0 0 _aBible.
_pGenesis, XXIV-XXXVI
_vBiography.
_98086
650 0 _aPatriarchs (Bible)
_vBiography.
_9635
906 _a7
_bcbc
_corignew
_d1
_eocip
_f19
_gy-gencatlg
942 _2ddc
_cBK
_01